Asset reconstruction companies: (Record no. 506479)

000 -LEADER
fixed length control field 00480nam a2200169Ia 4500
008 - FIXED-LENGTH DATA ELEMENTS--GENERAL INFORMATION
fixed length control field 181130s2018 xx 000 0 und d
100 ## - MAIN ENTRY--PERSONAL NAME
Personal name Meher, Bharat Kumar
245 ## - TITLE STATEMENT
Title Asset reconstruction companies:
Remainder of title an analysis of growth (a case study of ARCIL)
260 ## - PUBLICATION, DISTRIBUTION, ETC.
Date of publication, distribution, etc. 2018
300 ## - PHYSICAL DESCRIPTION
Extent p.11-20.
504 ## - BIBLIOGRAPHY, ETC. NOTE
-- Apr-Jun
650 ## - SUBJECT ADDED ENTRY--TOPICAL TERM
Topical term or geographic name entry element Banks and banking
650 ## - SUBJECT ADDED ENTRY--TOPICAL TERM
Topical term or geographic name entry element Banks and banking - India
700 ## - ADDED ENTRY--PERSONAL NAME
Personal name Puntambekar, G.L.
773 ## - HOST ITEM ENTRY
Main entry heading Abhigyan
906 ## - LOCAL DATA ELEMENT F, LDF (RLIN)
a Banks and banking
Holdings
Withdrawn status Lost status Damaged status Not for loan Permanent Location Current Location Date acquired Serial Enumeration / chronology Barcode Date last seen Price effective from Koha item type
        Indian Institute of Public Administration Indian Institute of Public Administration 2018-12-07 36(1), Apr-Jun, 2018: p.11-20. AR118274 2018-12-07 2018-12-07 Articles

Powered by Koha